| 000 | 00781nam a2200193Ia 4500 | ||
|---|---|---|---|
| 003 | GCL | ||
| 005 | 20240530102349.0 | ||
| 008 | 140319s9999 xx 000 0 ara d | ||
| 040 |
_aGCL / _cGCL |
||
| 082 | 0 | 4 |
_a327.73 _bح س |
| 100 | 1 | _aحسين شريف | |
| 245 | 1 | 0 |
_aالسياسة الخارجية الامريكية فى السبعينات والثمانينات من خلال رؤى وتحركات نيكسون - كيسنجر / _cحسين شريف |
| 260 |
_a[S.N] : _bالهيئة المصرية العامة للكتاب |
||
| 650 | 0 | 4 | _aالولايات المتحدة الامريكية |
| 650 | 0 | 4 | _aالسياسة الدولية |
| 650 | 0 | 4 | _aالعلاقات الخارجية |
| 650 | 0 | 4 | _aالعلاقات الاقتصادية الدولية |
| 942 |
_2ddc _cBK |
||
| 999 |
_c31719 _d31719 |
||